Vienne ou Haute-Vienne ? - Statistiques

Statistiques générales
  • Ce quiz a été pris 211 fois
  • Le résultat moyen est 29 sur 40
Statistiques - réponses
Hint Réponse % Correct
Porte le numéro 86 Vienne
98%
A pour préfecture Limoges Haute-Vienne
97%
Sa préfecture a une spécialité de porcelaine Haute-Vienne
97%
A pour préfecture Poitiers Vienne
97%
Ses sous-préfectures sont Châtellerault et Montmorillon Vienne
95%
Ses sous-préfectures sont Bellac et Rochechouart Haute-Vienne
94%
Porte le numéro 87 Haute-Vienne
94%
Le lac de Vassivières s'y trouve Haute-Vienne
92%
C'est le département du village martyr d'Oradour-sur-Glane Haute-Vienne
91%
Son seul aéroport est à Biard Vienne
90%
Il culmine à 231 mètres Vienne
83%
Le festival Les Heures vagabondes s'y déroule l'été Vienne
82%
Il culmine à 777 mètres Haute-Vienne
81%
C'est le département natal d'Auguste Renoir Haute-Vienne
77%
La Basse Marche est une de ses régions Haute-Vienne
76%
Son nom est homonyme de la préfecture d'un autre département Vienne
75%
Sa préfecture est jumelée avec Lafayette aux Etats-Unis Vienne
75%
On peut y visiter l'église St Michel des Lions Haute-Vienne
74%
La préfecture compte 12 fois plus d'habitants que la 2e ville du département Haute-Vienne
74%
Compte 372 123 d'habitants en 2020 Haute-Vienne
73%
C'est le département natal du philosophe Michel Foucault Vienne
72%
Edith Cresson en a été députée Vienne
70%
On peut y voir l'abbaye de Saint-Savin-sur-Gartempe Vienne
70%
Compte 439 332 habitants en 2020 Vienne
68%
S'y est déroulée l'affaire Marie Besnard Vienne
68%
En 2022, il a connu 2193 heures d'ensoleillement Vienne
68%
L'actrice Laetitia Millot y est née Haute-Vienne
66%
Le festival Notes s'y déroule en juillet Haute-Vienne
66%
Sa préfecture est jumelée avec Charlotte aux Etats-Unis Haute-Vienne
65%
Sa préfecture possède de beaux édifices romans Vienne
65%
Sa superficie est de 5520 km2 Haute-Vienne
64%
On peut y voir un dolmen à Verneuil Haute-Vienne
64%
La réserve naturelles nationales de le Tourbière des Dauges s'y trouve Haute-Vienne
61%
Son blason porte cinq châteaux Vienne
60%
Eve Ruggieri y est née Haute-Vienne
55%
En 1819 y a été installée une manufacture d'armes Vienne
55%
On peut y visiter le musée du vitrail Vienne
52%
En 2022, il a connu 2248 heures d'ensoleillement Haute-Vienne
51%
Sa superficie est de 6990 km2 Vienne
50%
Sa préfecture est presque trois fois plus peuplée que la plus grande des sous-préfectures Vienne
33%
Aucun quiz correspondant
Distribution des résultats
% des personnes avec chaque résultat
Percentile par nombre de réponses
Votre historique - résultats
Vous n’avez pas pris ce quiz